| 000 | 00728nam a22002057a 4500 | ||
|---|---|---|---|
| 005 | 20231013152543.0 | ||
| 010 | _aENG-138064 | ||
| 020 |
_a9789355324641 _c599.00 |
||
| 035 | _aEN-121596 | ||
| 037 | _bDBAD/PUB | ||
| 082 | _a658.87 | ||
| 100 |
_aLevy, Micheal _957815 |
||
| 245 |
_aRetailing Management/ _c By Michael Levy, Barton Weitz and Dhruv Grewal |
||
| 260 |
_aTamilnadu _bMcGraw Hill Education _c2023 |
||
| 270 |
_aAnjana Complex No. 5/90 A, butt road st thomas Chennai- 600016,, , _bTamil Nadu _minfo.india@mheducation.com _e600016 |
||
| 300 |
_a582p. _c28cm(pbk) |
||
| 700 |
_aWeitz, Barton _eAuthor _956775 |
||
| 700 |
_a Grewal, Dhruv _eAuthor _956776 |
||
| 942 |
_2ddc _cEN _h658.87 _mLev _e2023 |
||
| 999 |
_c198245 _d198245 |
||